000 00554nam a22001937a 4500
003 OSt
005 20251024021718.0
008 251021b |||||||| |||| 00| 0 eng d
020 _a0-07-462122-X.
040 _aDWCL-Main lib
_cOC
082 _aCirc. 621.43 G196i 1996
100 _aGanesan, V.
245 _aInternal combustion engines
260 _aN. Y. :
_bMcGraw-Hill Inc.,
_cc1996.
300 _axxx, 540 pages :
_billustration ;
_c23 cm.
504 _aIncludes index.
650 _21. Internal combustion engines
942 _2ddc
_cBK-CIRC
_kCirc.
_n0
999 _c4954
_d4954